The touch of Sakti: (Record no. 37488)

MARC details
000 -LEADER
fixed length control field 00847nam a22002177a 4500
005 - DATE AND TIME OF LATEST TRANSACTION
control field 20100724105912.0
010 ## - LCCN (DPL NO)
LC control number ENG-96465
020 ## - INTERNATIONAL STANDARD BOOK NUMBER
International Standard Book Number 8124604630
Terms of availability 690.00
020 ## - INTERNATIONAL STANDARD BOOK NUMBER
International Standard Book Number 9788124604632
Terms of availability 690.00
035 ## - SYSTEM CONTROL NUMBER
System control number EN-79998
037 ## - SOURCE OF ACQUISITION
Source of stock number/acquisition DBAD/PUB
082 ## - DEWEY DECIMAL CLASSIFICATION NUMBER
Classification number 230.5513
100 ## - MAIN ENTRY--PERSONAL NAME
Personal name Furlinger, Ernst
245 ## - TITLE STATEMENT
Title The touch of Sakti:
Statement of responsibility, etc by Ernst Furlinger
Remainder of title a study in non-dualistic Trika Saivism of kashmir /
260 ## - PUBLICATION, DISTRIBUTION, ETC. (IMPRINT)
Place of publication, distribution, etc New Delhi
Name of publisher, distributor, etc D.K.Printworld
Date of publication, distribution, etc 2009
270 ## - ADDRESS
Address F-12,Bali Nagar,Ramesh Nagar Metro Station
City New Delhi
Postal code 110015
300 ## - PHYSICAL DESCRIPTION
Extent xxii,288p.:
Dimensions 23cm (Hb)
Other physical details b&w photos
500 ## - GENERAL NOTE
General note Includes bibliographical references and index
942 ## - ADDED ENTRY ELEMENTS (KOHA)
Source of classification or shelving scheme Dewey Decimal Classification
Item type English Books
Call number suffix FUR
Classification part 230.5513
Holdings
Withdrawn status Lost status Not for loan Collection code Home library Current library Date acquired Source of acquisition Cost, normal purchase price Full call number Barcode Copy number Cost, replacement price Koha item type
    Not For Loan Non-fiction D.B.Act.Division D.B.Act.Division 29/07/2010 DBAD/PUB 690.00 230.5513 FUR EN-79998 1 690.00 English Books

© Delhi Public Library
Hit Counter
free hit counter